00754nam a2200217 a 4500001000200000003000900002005001700011008003000028020001500058040002200073082002800095100003000123245008900153250001300242260006100255300002800316500007000344650002800414650005200442650004200494 DO-SdBNP20220921102922.0090701s2007 ve 1 0 spa d a9801205660 aBPMSUbspacBPMSU 4a621.7 bM538i 20072221 aMéndez Herrera, Freddy 10aIngeniería industrial :buna ingeniería de servicio /c Freddy Méndez Herrera  a2a. ed. 0 aTáchira, Venezuela :bDecanato de Ingenieria, c2007 a446 p. :bil. ;c27 cm. aIncluye datos biográficos del autor en la solapa de la cubierta 4aIngeniería industrial 4a Ingeniería industrialxEnseñanza superior  4aTecnologíaxIngeniería industrial